000 01293 a2200253 4500
001 2162214035926770
003 UA-OsUOA
005 20260430143958.0
008 260430b -ura|||| |||| 00| f ukr d
040 _aUA-OsUOA
_bukr
_cUA-OsUOA
_dUA-OsUOA
041 _aukr
080 _a821.161.2(44)
090 _a821.161.2(44)
_bC37
100 _aСіменон Ж.
_925148
245 _aКлуб "100 ключів"
_cЖорж Сіменон ; перекл. з французької Миколи Мещеряка
260 _aКиїв
_bВид-во ЦК ЛКСМУ "Молодь"
_c1981
300 _a336 с.
520 _aУ збірник входять три романи французького письменника: "Жовтий "ягуар", "Мегре та старенька пані" і "Клуб "100 ключів". Їх об'єднує одна соціальна тема - становище молоді в сучасному буржуазному суспільстві.
650 _a821 Художня література окремими мовами і мовними сім'ями
_917
700 1 _aМещеряк М.
_925149
942 _cBK
_2udc
955 _a3
999 _c580628
_d580628